La marcha aeróbica
Đã lưu trong:
| Tác giả chính: | |
|---|---|
| Định dạng: | Sách |
| Ngôn ngữ: | Tiếng Tây Ban Nha |
| Được phát hành: |
Barcelona
Martínez Roca
1996
|
| Loạt: | Deportes
|
| Những chủ đề: | |
| Các nhãn: |
Thêm thẻ
Không có thẻ, Là người đầu tiên thẻ bản ghi này!
|
MARC
| LEADER | 00000nam a2200000 a 4500 | ||
|---|---|---|---|
| 001 | UCR0348 | ||
| 003 | CL-VaPUC | ||
| 008 | 971205e19960000SP |||||||||||||||||spa|d | ||
| 082 | 0 | 4 | |a 613.71 |b MAL |2 21 |
| 100 | |a Malkin, Mort |e autor |9 395897 | ||
| 245 | 1 | 3 | |a La marcha aeróbica |
| 300 | |a 221 p | ||
| 942 | |c BK | ||
| 945 | |d 19971205 00:00:00 |a jquezada | ||
| 260 | |a Barcelona |b Martínez Roca |c 1996 | ||
| 650 | 0 | |a Aeróbica |9 334255 | |
| 650 | 7 | |a MARCHA AEROBICA |2 CL-VaPUC |9 395898 | |
| 650 | 7 | |a DIETA |2 CL-VaPUC |9 334426 | |
| 650 | 0 | |a Salud |9 258663 | |
| 650 | 7 | |a TECNICAS DE APRENDIZAJE |2 CL-VaPUC |9 395899 | |
| 650 | 7 | |a ENTRENAMIENTO ATLETICO |2 CL-VaPUC |9 395900 | |
| 583 | |a last modification |c 19971205 00:00:00 |k Rodrigo Vera | ||
| 490 | 0 | |a Deportes | |
| 999 | |c 263886 |d 263884 | ||
| 952 | |0 0 |1 0 |4 0 |6 613_710000000000000_MAL_1996 |7 0 |8 A |9 293374 |a BIBEDU |b BIBEDU |d 2019-11-19 |i 337839K |o 613.71 MAL 1996 |p 337839K |r 2019-11-19 |w 2019-11-19 |y BK |k EFI | ||
| 952 | |0 0 |1 0 |4 0 |6 613_710000000000000_MAL_1996 |7 0 |8 A |9 293375 |a BIBEDU |b BIBEDU |d 2019-11-19 |i 3378403 |o 613.71 MAL 1996 |p 3378403 |r 2019-11-19 |w 2019-11-19 |y BK |k EFI | ||
| 952 | |0 0 |1 0 |4 0 |6 613_710000000000000_MAL_1996 |7 0 |8 A |9 293376 |a BIBEDU |b BIBEDU |d 2019-11-19 |i 3467473 |o 613.71 MAL 1996 |p 3467473 |r 2019-11-19 |w 2019-11-19 |y BK |k EFI | ||
| 952 | |0 0 |1 0 |4 0 |6 613_710000000000000_MAL_1996 |7 0 |8 A |9 293377 |a BIBEDU |b BIBEDU |d 2019-11-19 |i 3467481 |o 613.71 MAL 1996 |p 3467481 |r 2019-11-19 |w 2019-11-19 |y BK |k EFI | ||